Ukazovateľe úspešnosti v inovovaní bakalárska práca

Salvato in:
Dettagli Bibliografici
Autore principale: Babušík, Miloš
Ente Autore: Fakulta hospodárskej informatiky EU. Katedra štatistiky
Altri autori: Horníková, Adriana
Natura: Libro
Lingua:slovacco
Pubblicazione: Bratislava 2012
Tags: Aggiungi Tag
Nessun Tag, puoi essere il primo ad aggiungerne!!

MARC

LEADER 00000nbm a2200000 4500
001 0156228
005 20161109111946.4
041 0 |a slo 
044 |a SK 
245 1 0 |a Ukazovateľe úspešnosti v inovovaní  |b bakalárska práca  |c Miloš Babušík ; školiteľ: Adriana Horníková 
264 1 |a Bratislava  |c 2012 
300 |a 39 s. 
100 1 |a Babušík, Miloš 
700 1 |a Horníková, Adriana 
710 2 |a Fakulta hospodárskej informatiky EU. Katedra štatistiky